<?xml version="1.0" encoding="UTF-8"?>
<record
    xmlns:xsi="http://www.w3.org/2001/XMLSchema-instance"
    xsi:schemaLocation="http://www.loc.gov/MARC21/slim http://www.loc.gov/standards/marcxml/schema/MARC21slim.xsd"
    xmlns="http://www.loc.gov/MARC21/slim">

  <leader>02517agaaa2200349   4500</leader>
  <controlfield tag="001">4783</controlfield>
  <controlfield tag="003">IT-RoPAU</controlfield>
  <controlfield tag="005">20220918181249.0</controlfield>
  <controlfield tag="007">d cvaizq</controlfield>
  <controlfield tag="008">50131s9999||||xx ||| |     ||   ||und||</controlfield>
  <datafield tag="040" ind1=" " ind2=" ">
    <subfield code="a">IT-RoPAU</subfield>
    <subfield code="c">IT-RoPAU</subfield>
  </datafield>
  <datafield tag="041" ind1=" " ind2=" ">
    <subfield code="a">ITALIANO</subfield>
  </datafield>
  <datafield tag="100" ind1=" " ind2=" ">
    <subfield code="a">Dreyer Carl Theodor</subfield>
    <subfield code="g">Codice regista SPICS: 7100</subfield>
    <subfield code="9">42959</subfield>
  </datafield>
  <datafield tag="130" ind1=" " ind2=" ">
    <subfield code="a">PASSIONE DI GIOVANNA D'ARCO (LA)</subfield>
    <subfield code="9">48309</subfield>
  </datafield>
  <datafield tag="240" ind1=" " ind2=" ">
    <subfield code="a">PASSION DE JEANNE D'ARC (LA)</subfield>
    <subfield code="g">T1618</subfield>
  </datafield>
  <datafield tag="245" ind1=" " ind2=" ">
    <subfield code="a">PASSIONE DI GIOVANNA D'ARCO (LA)</subfield>
    <subfield code="c">Sceneggiatura: Dreyer Carl Theodor Delteil Joseph -- Diretto da: Dreyer Carl Theodor</subfield>
    <subfield code="p">PASSIONE DI GIOVANNA D'ARCO (LA) (Rif. Codice opera principale : H4783)</subfield>
  </datafield>
  <datafield tag="246" ind1=" " ind2=" ">
    <subfield code="a">PASSION DE JEANNE D'ARC (LA)</subfield>
  </datafield>
  <datafield tag="250" ind1=" " ind2=" ">
    <subfield code="a">Edizione Standard</subfield>
  </datafield>
  <datafield tag="260" ind1=" " ind2=" ">
    <subfield code="a">(FRANCIA)</subfield>
    <subfield code="b">SOCIETE' GENERALE DES FILMS / Distribuzione: MULTIMEDIA SAN PAOLO</subfield>
    <subfield code="g">"1928 (1&#xB0; ed.: 2004 ; Ed. Lingua Orig.: 1928)"</subfield>
  </datafield>
  <datafield tag="300" ind1=" " ind2=" ">
    <subfield code="a">DVD</subfield>
    <subfield code="b">sonoro, b&amp;w</subfield>
    <subfield code="c">83 minuti</subfield>
  </datafield>
  <datafield tag="508" ind1=" " ind2=" ">
    <subfield code="a">"Fotografia: Mate' Rudolph; Montaggio: Beauge Marguerite Dr; Musica: Schmidt Ole (1982); Sceneggiatura: Dreyer Carl Theodor Delteil Joseph; Scenografia: Hugo Jean Warm Herma; Soggetto: Dreyer Carl Theodor -- Delteil Joseph"</subfield>
  </datafield>
  <datafield tag="511" ind1=" " ind2=" ">
    <subfield code="a">"Falconetti Renee ; Silvain Eugene; Berley Andre'; Schutz Maurice; Artaud Antonin; Sim"</subfield>
  </datafield>
  <datafield tag="520" ind1=" " ind2=" ">
    <subfield code="a">"GIOVANNA E' ACCUSATA DI ERESIA DAL TRIBUNALE ECCLESIATICO DI ROUEN. DAVANTI AGLI STRUMENTI DI TORTURA HA UN CEDIMENTO; RIPRESASI CHIEDE DI RICEVERE LA COMUNIONE, MA I GIUDICI GLIELA NEGANO RITENENDOLA INDEGNA. ALLO STREMO DELLE FORZE, FIRMA L'ABIURA CHE LA SALVA DAL ROGO, MA DOPO RITRATTA. E' CONDANNATA. MENTRE ADRE SUL ROGO SCOPPIA UNA SOMMOSSA. INTERVENGONO LE TRUPPE INGLESI E LA SOLLEVAZIONE E' IMMEDIATAMENTE REPRESSA.FILM MUTO DEL 1928 CON SOTTOTITOLI CON COMMENTO MUSICALE (CON MUSICHE DI ALBINONI, VIVALDI, SCARLATTI ED ALTRI DEL 1952). LA VERSIONE ORIGINALE E' STATA RICOSTRUITA NEL 1985.CONTRIBUTI EXTRA: BIOGRAFIA E FILMOGRAFIA ESSENZIALE DEL REGISTA E DEGLI ATTORI PRINCIPALI; SCHEFDA CRITICA DI PINO FARINOTTI; COLONNA SONORA DI BRANI SCELTI."</subfield>
  </datafield>
  <datafield tag="538" ind1=" " ind2=" ">
    <subfield code="a">PAL, STEREO</subfield>
  </datafield>
  <datafield tag="546" ind1=" " ind2=" ">
    <subfield code="a">ITALIANO</subfield>
  </datafield>
  <datafield tag="650" ind1=" " ind2=" ">
    <subfield code="a">DRAMMATICO</subfield>
    <subfield code="e">DVD-FILM [DVD]</subfield>
    <subfield code="x">Codice MATERIA SPICS: 9947</subfield>
    <subfield code="9">48310</subfield>
  </datafield>
  <datafield tag="700" ind1=" " ind2=" ">
    <subfield code="a">Delteil Joseph </subfield>
    <subfield code="e">(soggetto)</subfield>
    <subfield code="g">Codice Soggetto 2&#xB0; SPICS: 57813</subfield>
    <subfield code="9">48311</subfield>
  </datafield>
  <datafield tag="700" ind1=" " ind2=" ">
    <subfield code="a">Dreyer Carl Theodor </subfield>
    <subfield code="e">(regista)</subfield>
    <subfield code="g">Codice regista SPICS: 7100</subfield>
    <subfield code="9">42959</subfield>
  </datafield>
  <datafield tag="700" ind1=" " ind2=" ">
    <subfield code="a">Dreyer Carl Theodor </subfield>
    <subfield code="e">(soggetto)</subfield>
    <subfield code="g">Codice Soggetto SPICS: 7100</subfield>
    <subfield code="9">48312</subfield>
  </datafield>
  <datafield tag="700" ind1=" " ind2=" ">
    <subfield code="a">Schmidt Ole (1982)</subfield>
    <subfield code="e">(musica)</subfield>
    <subfield code="g">Codice Musica SPICS: 57814</subfield>
    <subfield code="9">48313</subfield>
  </datafield>
  <datafield tag="942" ind1=" " ind2=" ">
    <subfield code="c">DV</subfield>
    <subfield code="2">ddc</subfield>
  </datafield>
  <datafield tag="999" ind1=" " ind2=" ">
    <subfield code="c">106708</subfield>
    <subfield code="d">106708</subfield>
  </datafield>
  <datafield tag="952" ind1=" " ind2=" ">
    <subfield code="0">0</subfield>
    <subfield code="1">0</subfield>
    <subfield code="4">0</subfield>
    <subfield code="6">H_4783_000000000000000</subfield>
    <subfield code="7">1</subfield>
    <subfield code="a">SPICS</subfield>
    <subfield code="b">SPICS</subfield>
    <subfield code="d">2015-01-31</subfield>
    <subfield code="l">0</subfield>
    <subfield code="o">H4783</subfield>
    <subfield code="r">2015-01-31 00:00:00</subfield>
    <subfield code="w">2015-01-31</subfield>
    <subfield code="y">DV</subfield>
    <subfield code="z">Progr. Ins.: 3146 / N.Vol.:1 / Copie: 1 / Pag.:0 / Copia rara: n.d. / date import: 1.2.2015 / By Epidotti, Trombetti, Vaglietti</subfield>
  </datafield>
</record>
